[Event "Madurai Athens of the East op-C 1st"]
[Site "Madurai"]
[Date "2019.08.14"]
[Round "3"]
[White "Muralidharan, M."]
[Black "Saketh, B."]
[Result "1/2-1/2"]
[WhiteElo "1399"]
[BlackElo "1564"]
[PlyCount "53"]
[EventDate "2019.08.14"]
[EventType "swiss"]
[EventRounds "10"]
[EventCountry "IND"]
[SourceTitle "EXT 2022"]
[Source "ChessBase"]
[SourceDate "2021.10.06"]
[SourceVersion "1"]
[SourceVersionDate "2021.10.06"]
[SourceQuality "1"]

1. d4 Nf6 2. c4 e6 3. Nf3 d5 4. Bg5 Be7 5. e3 0-0 6. a3 h6 7. Bh4 b6 8. Nc3 Bb7 9. Bd3 Nbd7 10. Qc2 c5 11. cxd5 exd5 12. 0-0 Re8 13. Rfd1 Ne4 14. Nxe4 dxe4 15. Bxe4 Qc8 16. Bxb7 Qxb7 17. Bxe7 Rxe7 18. dxc5 Nxc5 19. Rac1 Rc7 20. Nd4 Ne6 21. Qf5 Nxd4 22. exd4 Rxc1 23. Rxc1 Rd8 24. Rd1 Rd5 25. Qe4 Qd7 26. h3 Qd8 27. b4 1/2-1/2